Novoveká kultúra a myslenie, ich základy, kríza a východiská formovanie základov európskej kultúry v antike a kresťanstve
Počiatky a model západnej tradície liberálneho vzdelania a humanistickej kultúry v gréckej kultúre. Orientácia na rozum, vzdelanie a duchovnú autoritu ako základ pre ďalší rozvoj európskej kultúry. Kategória času, ktorá charakterizuje odlišnosť jednotlivých etáp vývoja kultúry v Európe. Rozvoj európ...
Saved in:
| Main Author: | |
|---|---|
| Format: | Book Chapter |
| Language: | Slovak |
| Subjects: | |
| Tags: |
No Tags, Be the first to tag this record!
|
MARC
| LEADER | 00000naa$a2200000$$$4500 | ||
|---|---|---|---|
| 001 | 0055206 | ||
| 005 | 20240502083137.8 | ||
| 041 | 0 | |a slo | |
| 044 | |a CZ | ||
| 245 | 1 | 0 | |a Novoveká kultúra a myslenie, ich základy, kríza a východiská |b formovanie základov európskej kultúry v antike a kresťanstve |c Milan Márton |
| 520 | |a Počiatky a model západnej tradície liberálneho vzdelania a humanistickej kultúry v gréckej kultúre. Orientácia na rozum, vzdelanie a duchovnú autoritu ako základ pre ďalší rozvoj európskej kultúry. Kategória času, ktorá charakterizuje odlišnosť jednotlivých etáp vývoja kultúry v Európe. Rozvoj európskej kultúry a myslenia v novoveku. Renesancia a nové sociálne, právne a politické myslenie. Orientácia na empirické skúmanie. Chápanie človeka ako tvorivej bytosti. Kríza európskej kultúry a myslenia. Pojem odcudzenia človeka ako straty kontroly nad vlastným výtvorom. Kritika dôsledkov vývoja európskej civilizácie. Hľadanie nových východísk. | ||
| 610 | 2 | 0 | |a spoločnosť |
| 610 | 2 | 0 | |a civilizácia |
| 610 | 2 | 0 | |a kultúra |
| 610 | 2 | 0 | |a príroda |
| 610 | 2 | 0 | |a ideológia |
| 610 | 2 | 0 | |a vývoj |
| 610 | 2 | 0 | |a kresťanstvo |
| 610 | 2 | 0 | |a filozofia |
| 610 | 2 | 0 | |a pokrok vedeckotechnický |
| 610 | 2 | 0 | |a história |
| 100 | 1 | |a Márton, Milan | |